Statystyki dla Puchar Świata - klasyfikacja generalna za sezon 2006/07

Kliknij tutaj aby rozwiązać quiz!

Ogólne statystyki

  • Ten quiz został rozwiązany 46 razy
  • Średni wynik to 54 z 90

Statystyki odpowiedzi

MiejsceSkoczekNarodowośćPkt% Poprawnych
1.Adam MałyszPolska1453
100%
3.Simon AmmannSzwajcaria1167
95%
8.Janne AhonenFinlandia539
93%
30.Kamil StochPolska168
90%
26.Noriaki KasaiJaponia182
90%
6.Thomas MorgensternAustria756
90%
2.Anders JacobsenNorwegia1319
88%
4.Gregor SchlierenzauerAustria956
86%
22.Jakub JandaCzechy253
86%
7.Andreas KoflerAustria724
83%
17.Martin SchmittNiemcy355
83%
9.Matti HautamaekiFinlandia526
83%
39.Roman KoudelkaCzechy87
83%
5.Andreas KuttelSzwajcaria804
81%
28.Harri OlliFinlandia176
81%
13.Wolfgang LoitzlAustria476
81%
16.Anders BardalNorwegia418
79%
55.Jussi HautamaekiFinlandia34
79%
12.Martin KochAustria521
79%
27.Robert KranjecSłowenia179
79%
Stefan HulaPolska26
79%
60.Daiki ItoJaponia26
76%
19.Denis KornilovRosja282
76%
11.Dimitriy VassilievRosja523
76%
70.Emmanuel ChedalFrancja13
76%
57.Jan MaturaCzechy33
76%
50.Michael NeumayerNiemcy45
76%
29.Bjoern Einar RomoerenNorwegia174
74%
23.Jernej DamjanSłowenia225
74%
Piotr ŻyłaPolska34
74%
14.Roar LjoekelsoeyNorwegia474
71%
Robert MatejaPolska4
71%
49.Sebastian ColloredoWłochy47
71%
20.Tom HildeNorwegia281
71%
38.Andrea MorassiWłochy97
69%
82.Kenshiro ItoJaponia5
69%
10.Michael UhrmannNiemcy524
69%
Vincent Descombes SevoieFrancja26
69%
33.Andreas WidhoelzlAustria158
67%
32.Antonin HajekCzechy160
67%
52.Takanobu OkabeJaponia42
67%
41.Janne HapponenFinlandia68
64%
18.Martin HoellwarthAustria284
64%
81.Primoz PeterkaSłowenia6
64%
Radik ZhaparovKazachstan55
64%
15.Arttu LappiFinlandia466
62%
Lukas HlavaCzechy5
62%
48.Manuel FettnerAustria48
62%
Rok BenkovicSłowenia21
62%
36.Rok UrbancSłowenia114
62%
Heung-Chul ChoiKorea Południowa10
60%
72.Seou ChoiKorea Południowa11
60%
21.Dimitry IpatovRosja260
57%
Taku TakeuchiJaponia16
57%
40.Tami KiuruFinlandia74
57%
Stephan HockeNiemcy16
55%
87.Andreas WankNiemcy3
52%
44.David LazzaroniFrancja56
52%
69.Georg SpathNiemcy14
52%
24.Sigurd PettersenNorwegia210
52%
34.Veli-Matti LindstroemFinlandia130
52%
35.Arthur PauliAustria118
50%
76.Lars BystoelNorwegia9
50%
65.Jiri MazochCzechy16
48%
77.Peter ZontaSlovenja7
48%
37.Primoz PiklSłowenia110
48%
88.Florian LieglAustria2
45%
45.Henning StensrudNorwegia55
45%
71.Nikolay KarpenkoKazachstan12
43%
53.Ilya RoslakovRosja41
40%
90.Jens SalumaeEstonia1
40%
58.Kalle KeituriFinlandia29
40%
59.Michael MoellingerSzwajcaria28
40%
Pascal BodmerNiemcy2
40%
25.Jorg RitzerfeldNiemcy187
38%
Petr ChadaevBiałoruś7
38%
Stefan ThurnbichlerAustria7
36%
31.Mario InnauerAustria161
33%
74.Stephan ReadKanada10
33%
51.Guido LandertSzwajcaria43
31%
Jure SinkovecSłowenia5
31%
54.Lauri HakolaFinlandia35
31%
68.Roland MuellerAustria15
31%
63.Andreas ArenSzwecja21
26%
43.Balthasar SchneiderAustria59
26%
85.Isak GrimholmSzwecja4
26%
Jon AaraasNorwegia7
26%
42.Morten SolemNorwegia63
26%
47.Christian UlmerNiemcy54
14%
Kevin KorlacherNiemcy11
7%

Rozkład punktacji

Percentyl według liczby udzielonych odpowiedzi

Procent ludzi z każdym wynikiem

Twoja historia wyników

Nie rozwiązałeś tego quizu